| 000 | 01516nam0a2200385 4500 | ||
|---|---|---|---|
| 001 | RU\NLR\BIBL_A\012565696 | ||
| 005 | 20210902091218.0 | ||
| 010 |
_a978-5-9951-4761-9 _93000 |
||
| 021 |
_aRU _bКН-П-21-016112 _9КН-П-21-1271 |
||
| 021 |
_aRU _bКН-П-25-007813 _9КН-П-25-0771 |
||
| 035 | _a(NLR Aleph) 012565696 | ||
| 090 |
_a12474460 _c12474460 |
||
| 100 | _a20210716d2021 c y0rusy50 ca | ||
| 101 | 0 | _arus | |
| 102 | _aRU | ||
| 105 | _aa|||z|||000ay | ||
| 181 | 0 |
_ai _baxxe |
|
| 182 | 0 | _an | |
| 200 | 1 |
_aБелый пудель _eрассказы _e[для детей младшего и среднего школьного возраста] _fА.И. Куприн _g[художник: Н. Барай] |
|
| 203 |
_aТекст _bвизуальный _cнепосредственный |
||
| 210 |
_aМосква _cСтрекоза _d2021 |
||
| 215 |
_a157, [3] с. _cил. _d21 |
||
| 225 | 1 | _aСерия "Школьная программа" | |
| 327 | 1 | _aСодерж.: Белый пудель; Ю-ю; Собачье счастье; Сапсан; Барбос и Жулька; Изумруд; Слон | |
| 333 | _a6+ | ||
| 686 | 0 | _aШ9(2)60=Р5-4 | |
| 686 | 0 | _aШ9(2)62=Р5-4 | |
| 700 | 1 |
_aКуприн _bА. И. _cписатель _f1870-1938 _gАлександр Иванович _3RU\NLR\AUTH\775766 |
|
| 702 | 1 |
_aБарай _bН. _4040 |
|
| 942 | _cBOOK | ||
| 980 | _aNB | ||